000 00876nam a2200241 a 4500
001 000013585
005 20200929163258.0
008 091125s1974 ag 000 f spa d
040 _aDO-SdBNP
_bspa
_cBNPHU
082 _a889.3
_bK23a, 1974
100 1 _aKazantzakis, Niko,
_d1883-1957
_930983
240 1 0 _aBΙΟΣ ΚΑΙ ΠΟΛΤΕΙΑ ΤΟΥ ΑΛΕΞΗ ΖΟΡΜΠΑ.
_lEspañol
245 1 0 _aAlexis zorba :
_bel griego /
_cNiko Kazantzakis ; traducción castellana de Roberto Guibourg.
250 _a2a ed.
260 _aBuenos Aires :
_bCarlos Lohlé,
_c1974.
300 _a322 p. ;
_c20 cm.
534 _pTítulo original en griego:
_tBΙΟΣ ΚΑΙ ΠΟΛΤΕΙΑ ΤΟΥ ΑΛΕΞΗ ΖΟΡΜΠΑ
650 4 _aNovela griega moderna
_930984
650 4 _aLiteratura griega moderna
_930985
700 1 _aGuibourg, Roberto,
_etr.
_930986
910 _aWM
049 _aBNGR
999 _c13204
_d13204